La conquista de México efectuada por Hernán Cortés según el códice jeroglífico troano-americano : (Record no. 165596)

MARC details
000 -LEADER
campo de control de longitud fija 01186nam a2200253 i 4500
001 - NÚMERO DE CONTROL
campo de control 165596
003 - IDENTIFICADOR DE NÚMERO DE CONTROL
campo de control ES-MaACL
005 - FECHA Y HORA DE LA ÚLTIMA TRANSACCIÓN
campo de control 20250403133043.0
008 - DATOS DE LONGITUD FIJA--INFORMACIÓN GENERAL
campo de control de longitud fija 050905s1897 mx a | |||||||| ||spa d
080 ## - NÚMERO DE LA CLASIFICACIÓN DECIMAL UNIVERSAL
Número de la Clasificación Decimal Universal 091 Codez Tro-Cortesianus
080 ## - NÚMERO DE LA CLASIFICACIÓN DECIMAL UNIVERSAL
Número de la Clasificación Decimal Universal 94(72)"1517/21"
100 1# - ENTRADA PRINCIPAL--NOMBRE DE PERSONA
Nombre de persona Sotomayor, Dámaso.
9 (RLIN) 132845
245 13 - MENCIÓN DEL TÍTULO
Título La conquista de México efectuada por Hernán Cortés según el códice jeroglífico troano-americano :
Resto del título edición especial que con preliminares de la clave jeroglífica dedica... /
Mención de responsabilidad, etc. Dámaso Sotomayor.
260 ## - PUBLICACIÓN, DISTRIBUCIÓN, ETC.
Lugar de publicación, distribución, etc. México :
Nombre del editor, distribuidor, etc. [s.n.],
Fecha de publicación, distribución, etc. 1897 (
Lugar de fabricación/manufactura Tip. de la Oficina Impresora del Timbre, Palacio Nacional)
300 ## - DESCRIPCIÓN FÍSICA
Extensión 40 p., [1] h. pleg., [8] h. de lám. ;
Dimensiones 32 cm.
530 ## - NOTA DISPONIBLE DE FORMULARIO FÍSICO ADICIONAL
Nota de formato físico adicional disponible Disponible en formato digital.
630 04 - PUNTO DE ACCESO ADICIONAL DE MATERIA--TÍTULO UNIFORME
Título uniforme Codex Tro-Cortesianus.
9 (RLIN) 174371
650 #4 - PUNTO DE ACCESO ADICIONAL DE MATERIA--TÉRMINO DE MATERIA
Término de materia o nombre geográfico como elemento de entrada Calendario maya.
9 (RLIN) 159083
651 #4 - PUNTO DE ACCESO ADICIONAL DE MATERIA--NOMBRE GEOGRÁFICO
Nombre geográfico México-
Subdivisión general Historia-
Subdivisión cronológica 1517-1521, Descubrimiento y conquista.
9 (RLIN) 136484
852 4# - LOCALIZACIÓN
Ubicación ES-MaACL
Número de control de estantería 1662-F-2
Nota libre Revisado enlace: 02 de Abril de 2025
itemnumber 171947
Ubicación en estantería Depósito folletos
Encuadernación Rústica deteriorada
856 4# - LOCALIZACIÓN Y ACCESO ELECTRÓNICOS
Identificador Uniforme de Recursos <a href="http://simurg.bibliotecas.csic.es/viewer/image/990002221620204201/1/">http://simurg.bibliotecas.csic.es/viewer/image/990002221620204201/1/</a>
Texto de enlace Fondos digitalizados del CSIC
942 ## - ELEMENTOS DE ENTRADA SECUNDARIOS (KOHA)
Fuente del sistema de clasificación o colocación Clasificación decimal universal
Holdings
Estatus retirado Estado de pérdida Estado de daño No para préstamo Colección Biblioteca de origen Biblioteca actual Ubicación en estantería Fecha de adquisición Fuente de adquisición Total de préstamos Signatura topográfica completa Código de barras Visto por última vez Precio de reemplazo Tipo de ítem Koha
        Colección de folletos Biblioteca del Ateneo de Madrid Biblioteca del Ateneo de Madrid Depósito folletos 17/01/2008     1662-F-2 1173663 23/02/2023 23/02/2023 Folleto